| 000 | 00555nam a2200181 4500 | ||
|---|---|---|---|
| 003 | OSt | ||
| 008 | 230705b |||||||| |||| 00| 0 eng d | ||
| 020 | _a9789966139832 | ||
| 050 |
_aHD7261 _b.M84 2020 |
||
| 100 | _aMugo Mary | ||
| 245 |
_aHow to Thrive and influence your workplace/ _cDr. Mary Mugo |
||
| 260 | _cApril 15, 2020 | ||
| 300 |
_aix, 128p. : _bill. ; _c21cm |
||
| 504 | _aIncludes Bibliographical Ref. | ||
| 650 | _aBusiness Environment | ||
| 650 |
_aThrive influence _xworkplace |
||
| 942 |
_2lcc _cBOOKS _hHD7261 .M84 2020 |
||
| 999 |
_c31644 _d31644 |
||